|
|
|
|
| LEADER |
01544nam a2200373 a 4500 |
| 001 |
0017328 |
| 003 |
BD-DhAAL |
| 008 |
240602r20071992enk b 001 0 eng d |
| 020 |
|
|
|a 9780803983465 (pbk)
|
| 020 |
|
|
|a 9780803983458 (hbk)
|
| 020 |
|
|
|a 080398345X
|
| 020 |
|
|
|a 0803983468 (pbk.)
|
| 040 |
|
|
|a DLC
|c DLC
|d DLC
|d BD-DhAAL
|
| 041 |
1 |
|
|a eng
|h ger
|
| 050 |
0 |
0 |
|a HM201
|b .B3913 1992
|
| 082 |
0 |
0 |
|a 306
|
| 100 |
1 |
|
|a Beck, Ulrich,
|d 1944-2015.
|9 56472
|
| 245 |
1 |
0 |
|a Risk society :
|b towards a new modernity /
|c Ulrich Beck ; translated by Mark Ritter.
|
| 260 |
|
|
|a London ;
|a Newbury Park, Calif. :
|b Sage Publications,
|c 1992 [reprinted 2007].
|
| 300 |
|
|
|a 260 pages ;
|c 24 cm
|
| 490 |
1 |
|
|a Theory, culture & society
|
| 504 |
|
|
|a Includes bibliographical references (pages [237]-249) and index.
|
| 526 |
|
|
|a PPDM
|x Mr. Mohammad Aminur Rahman
Research Assistant
|
| 541 |
|
|
|a Ahsania Mission Book Distribution House
|e 17328
|
| 650 |
|
0 |
|a Risk
|x Sociological aspects.
|9 8470
|
| 650 |
|
0 |
|a Technology
|x Social aspects.
|
| 650 |
|
0 |
|a Progress.
|
| 650 |
|
0 |
|a Social structure.
|
| 650 |
|
0 |
|a Industries
|x Environmental aspects.
|
| 830 |
|
0 |
|a Theory, culture & society (Unnumbered)
|9 54899
|
| 852 |
|
|
|a Ayesha Abed Library
|c General Stacks
|
| 942 |
|
|
|2 ddc
|c BK
|
| 999 |
|
|
|c 46695
|d 46695
|
| 952 |
|
|
|0 0
|1 0
|2 ddc
|4 0
|6 306_000000000000000_BEC
|7 0
|9 75587
|a BRACUL
|b BRACUL
|c GEN
|d 2024-06-03
|e Ahsania Mission Book Distribution House
|g 3066.29
|l 0
|o 306 BEC
|p 3010017328
|r 2024-06-03
|t 1
|w 2024-06-03
|y BK
|x Requisitioned by Mr. Mohammad Aminur Rahman (Research Assistant)
|